| 000 | 00573nam a2200241 a 4500 | ||
|---|---|---|---|
| 001 | nice12345678 | ||
| 003 | IN_TiNIC | ||
| 005 | 20260116011431.0 | ||
| 008 | 050524s1924 laha grp 000 0 urd | ||
| 020 |
_a _c5 |
||
| 082 | 0 | 0 |
_a891.4391 _bPYB |
| 100 | _aPybus, G D | ||
| 245 | _aText Book of Urdu Prosody and Rhetoric | ||
| 260 |
_aLahore _bRamakrishna and Sons _c1924 |
||
| 300 | _a151p | ||
| 500 | _aincludes index and biblioraphy | ||
| 505 | 2 | _aIllus | |
| 650 | _aUrdu-Poetry | ||
| 700 | 1 | _aPybus, G D | |
| 902 | _bSRS | ||
| 942 | _cBK | ||
| 999 |
_c1485 _d1485 |
||